LEADER 01307nam a2200265 4500 001 000000360990 003 CaOOAMICUS 005 20241202164234.0 008 241202s2015 it 000 u ita r 020 $a978-88-498-4256-2 040 $aSeMil$bita 100 1 $aDe Valle, Alessandra.$0(OLS)http://semarc/name/121070 245 10$aDa schiave a libere :$bil prodigio della Redenzione nel pensiero e nell'opera di madre Anna Figus /$cAlessandra De Valle. 264 1$aSoveria Mannelli :$bRubbettino,$c2015. 300 $a213 p. ;$c23 cm 490 1 $aSpiritualitą e promozione umana. Nuova serie ;$v2 600 14$aFigus, Anna .$0(OLS)http://semarc/subject/56738 650 4$aProstituzione - Italia.$0(OLS)http://semarc/subject/18432 830 0$aSpiritualitą e promozione umana. Nuova serie ;$v2.$0(OLS)http://semarc/title/428924 850 $aSeMil 852 $aSeMil$W1$xVenegono$y1$m3F III 748$j252725$B251971$CSeMilBibl$Z2$F251971 $81 996 $6020$a978-88-498-4256-2$9(OLS)http://semarc/number/301965 996 $6245$aDa schiave a libere :$bil prodigio della Redenzione nel pensiero e nell'opera di madre Anna Figus$9(OLS)http://semarc/title/451600 996 $6264$aSoveria Mannelli :$bRubbettino$9(OLS)http://semarc/publisher/32145 LEADER 00605nam a2200169 i 4500 001 000000056616 003 CaOOAMICUS 005 19970903000000.0 008 970903n xx u000 u lat u 013 $a27788 040 $aSeMil$bita 100 1 $aPandzic, Basilio .$0(OLS)http://semarc/name/18893 245 13$aDe Dioecesi Tribuniensi et Mercanensi. 650 4$aTesi di laurea.$0(OLS)http://semarc/subject/1690 850 $aSeMil 852 $aSeMil$W1$xVenegono$y1$m2I IV 398$j22770$B22770$CSeMilBibl$Z2$F22772 $81 996 $6245$aDe Dioecesi Tribuniensi et Mercanensi$9(OLS)http://semarc/title/88064